Patient-physician communication about cancer-related fatigue: a survey of patient-perceived barriers

Cancer-related fatigue is a subjective, distressing, and common sequela of cancer which is often disregarded and underdiagnosed. Fatigue is assessed by self-report requiring communication between patient and physician. In this study, we investigated the patients’ perspective on the patient-physician...

Full description

Saved in:
Bibliographic Details
Main Authors: Milzer, Marlena (Author) , Wagner, Anna S. (Author) , Schmidt, Martina (Author) , Maatouk, Imad (Author) , Hermann, Silke (Author) , Kiermeier, Senta (Author) , Steindorf, Karen (Author)
Corporate Author: Baden-Württemberg, Epidemiologisches Krebsregister (Author)
Format: Article (Journal)
Language:English
Published: 25 January 2024
In: Journal of cancer research and clinical oncology
Year: 2024, Volume: 150, Issue: 2, Pages: 1-16
ISSN:1432-1335
DOI:10.1007/s00432-023-05555-8
Online Access:Verlag, kostenfrei, Volltext: https://doi.org/10.1007/s00432-023-05555-8
Verlag, kostenfrei, Volltext: https://link.springer.com/article/10.1007/s00432-023-05555-8
Get full text
Author Notes:Marlena Milzer, Anna S. Wagner, Martina E. Schmidt, Imad Maatouk, Silke Hermann, Senta Kiermeier, Karen Steindorf, Cancer Registry of Baden-Württemberg

MARC

LEADER 00000caa a2200000 c 4500
001 1908762926
003 DE-627
005 20241205220759.0
007 cr uuu---uuuuu
008 241115s2024 xx |||||o 00| ||eng c
024 7 |a 10.1007/s00432-023-05555-8  |2 doi 
035 |a (DE-627)1908762926 
035 |a (DE-599)KXP1908762926 
035 |a (OCoLC)1475647428 
040 |a DE-627  |b ger  |c DE-627  |e rda 
041 |a eng 
084 |a 33  |2 sdnb 
100 1 |a Milzer, Marlena  |d 1993-  |e VerfasserIn  |0 (DE-588)1299768326  |0 (DE-627)1856789896  |4 aut 
245 1 0 |a Patient-physician communication about cancer-related fatigue  |b a survey of patient-perceived barriers  |c Marlena Milzer, Anna S. Wagner, Martina E. Schmidt, Imad Maatouk, Silke Hermann, Senta Kiermeier, Karen Steindorf, Cancer Registry of Baden-Württemberg 
264 1 |c 25 January 2024 
300 |a 16 
336 |a Text  |b txt  |2 rdacontent 
337 |a Computermedien  |b c  |2 rdamedia 
338 |a Online-Ressource  |b cr  |2 rdacarrier 
500 |a Gesehen am 15.11.2024 
520 |a Cancer-related fatigue is a subjective, distressing, and common sequela of cancer which is often disregarded and underdiagnosed. Fatigue is assessed by self-report requiring communication between patient and physician. In this study, we investigated the patients’ perspective on the patient-physician communication about fatigue. 
650 4 |a Cancer-related fatigue 
650 4 |a Patient participation 
650 4 |a Patient-physician communication 
650 4 |a Structural barriers 
650 4 |a Supportive care 
700 1 |a Wagner, Anna S.  |e VerfasserIn  |0 (DE-588)1332517269  |0 (DE-627)1891011081  |4 aut 
700 1 |a Schmidt, Martina  |e VerfasserIn  |0 (DE-588)1058247859  |0 (DE-627)796658234  |0 (DE-576)414301773  |4 aut 
700 1 |a Maatouk, Imad  |d 1979-  |e VerfasserIn  |0 (DE-588)1052002749  |0 (DE-627)787491357  |0 (DE-576)407672516  |4 aut 
700 1 |a Hermann, Silke  |e VerfasserIn  |0 (DE-588)1348400765  |0 (DE-627)1908765666  |4 aut 
700 1 |a Kiermeier, Senta  |e VerfasserIn  |0 (DE-588)1238925162  |0 (DE-627)1766790054  |4 aut 
700 1 |a Steindorf, Karen  |e VerfasserIn  |0 (DE-588)104608075X  |0 (DE-627)775694665  |0 (DE-576)399366024  |4 aut 
710 2 |a Baden-Württemberg  |b Epidemiologisches Krebsregister  |e VerfasserIn  |0 (DE-588)1282399322  |0 (DE-627)1838100164  |4 aut 
773 0 8 |i Enthalten in  |t Journal of cancer research and clinical oncology  |d Berlin : Springer, 1979  |g 150(2024), 2, Artikel-ID 29, Seite 1-16  |h Online-Ressource  |w (DE-627)253769515  |w (DE-600)1459285-X  |w (DE-576)072578319  |x 1432-1335  |7 nnas  |a Patient-physician communication about cancer-related fatigue a survey of patient-perceived barriers 
773 1 8 |g volume:150  |g year:2024  |g number:2  |g elocationid:29  |g pages:1-16  |g extent:16  |a Patient-physician communication about cancer-related fatigue a survey of patient-perceived barriers 
856 4 0 |u https://doi.org/10.1007/s00432-023-05555-8  |x Verlag  |x Resolving-System  |z kostenfrei  |3 Volltext 
856 4 0 |u https://link.springer.com/article/10.1007/s00432-023-05555-8  |x Verlag  |z kostenfrei  |3 Volltext 
951 |a AR 
992 |a 20241115 
993 |a Article 
994 |a 2024 
998 |g 104608075X  |a Steindorf, Karen  |m 104608075X:Steindorf, Karen  |d 50000  |e 50000PS104608075X  |k 0/50000/  |p 7  |y j 
998 |g 1238925162  |a Kiermeier, Senta  |m 1238925162:Kiermeier, Senta  |d 910000  |d 950000  |d 950950  |e 910000PK1238925162  |e 950000PK1238925162  |e 950950PK1238925162  |k 0/910000/  |k 1/910000/950000/  |k 2/910000/950000/950950/  |p 6 
998 |g 1052002749  |a Maatouk, Imad  |m 1052002749:Maatouk, Imad  |d 50000  |e 50000PM1052002749  |k 0/50000/  |p 4 
998 |g 1058247859  |a Schmidt, Martina  |m 1058247859:Schmidt, Martina  |d 50000  |e 50000PS1058247859  |k 0/50000/  |p 3 
998 |g 1299768326  |a Milzer, Marlena  |m 1299768326:Milzer, Marlena  |d 50000  |e 50000PM1299768326  |k 0/50000/  |p 1  |x j 
999 |a KXP-PPN1908762926  |e 4615291825 
BIB |a Y 
SER |a journal 
JSO |a {"title":[{"title_sort":"Patient-physician communication about cancer-related fatigue","subtitle":"a survey of patient-perceived barriers","title":"Patient-physician communication about cancer-related fatigue"}],"type":{"bibl":"article-journal","media":"Online-Ressource"},"note":["Gesehen am 15.11.2024"],"corporate":[{"role":"aut","display":"Baden-Württemberg"}],"recId":"1908762926","person":[{"display":"Milzer, Marlena","family":"Milzer","given":"Marlena","role":"aut"},{"role":"aut","given":"Anna S.","display":"Wagner, Anna S.","family":"Wagner"},{"family":"Schmidt","display":"Schmidt, Martina","given":"Martina","role":"aut"},{"display":"Maatouk, Imad","family":"Maatouk","given":"Imad","role":"aut"},{"family":"Hermann","display":"Hermann, Silke","role":"aut","given":"Silke"},{"given":"Senta","role":"aut","family":"Kiermeier","display":"Kiermeier, Senta"},{"role":"aut","given":"Karen","family":"Steindorf","display":"Steindorf, Karen"}],"physDesc":[{"extent":"16 S."}],"id":{"eki":["1908762926"],"doi":["10.1007/s00432-023-05555-8"]},"origin":[{"dateIssuedDisp":"25 January 2024","dateIssuedKey":"2024"}],"language":["eng"],"relHost":[{"language":["eng","ger"],"disp":"Patient-physician communication about cancer-related fatigue a survey of patient-perceived barriersJournal of cancer research and clinical oncology","origin":[{"publisher":"Springer","publisherPlace":"Berlin ; Heidelberg","dateIssuedKey":"1979","dateIssuedDisp":"1979-"}],"part":{"pages":"1-16","volume":"150","issue":"2","year":"2024","extent":"16","text":"150(2024), 2, Artikel-ID 29, Seite 1-16"},"titleAlt":[{"title":"Cancer research and clinical oncology"}],"recId":"253769515","title":[{"title":"Journal of cancer research and clinical oncology","title_sort":"Journal of cancer research and clinical oncology","subtitle":"official organ of the Deutsche Krebsgesellschaft"}],"type":{"bibl":"periodical","media":"Online-Ressource"},"note":["Gesehen am 19.03.25","Teils ungezählte Beil.: Supplement"],"pubHistory":["Volume 93, issue 1 (January 1979)-"],"physDesc":[{"extent":"Online-Ressource"}],"id":{"eki":["253769515"],"issn":["1432-1335"],"zdb":["1459285-X"]}}],"name":{"displayForm":["Marlena Milzer, Anna S. Wagner, Martina E. Schmidt, Imad Maatouk, Silke Hermann, Senta Kiermeier, Karen Steindorf, Cancer Registry of Baden-Württemberg"]}} 
SRT |a BADENWUERTPATIENTPHY2520